000 00704nam a2200205Ii 4500
003 JO-AjNU
008 230605s9999||||xx |||||||||||||| ||und||
017 _a1995/6/548
040 _aJO-AjNU
_bara
_erda
_cJO-AjNU
041 _aara
050 1 4 _aRD97.Z82 1995
100 3 _aالزعبي ، صالح عبدالله ,
_eauthor
_917428
245 0 0 _aالوجيز في الاسعافات والاصابات الرياضية والعلاج الطبيعي
264 3 1 _aعمان:دار الفكر ، 1995
300 _a113ص
336 _atext
_btxt
_2rdacontent
337 _aunmediated
_bn
_2rdamedia
338 _avolume
_bnc
_2rdacarrier
650 4 _aالرياضة -العلاج الطبيعي
_917429
999 _aA5380
_c8948
_d8948